• 首页
  • 本馆介绍
  • 公告通知
  • 最新文献
  • 馆藏检索
  • 电子资源
  • 读者导购
  • 参考咨询
  • 我的图书馆
  • 登录
  • 详细信息显示
  • 放入我的书架
  • 预约/预借图书
  • 作者相关作品
  • 分类相关作品
  • 丛书相关作品
  • 出版社相关作品

书目信息

  • 表格格式
  • 工作单格式
  • 卡片格式
题名:
极简思考
    
 
作者: 费廖洛 著 ;世宜 译
分册:  
出版信息: 北京   九州出版社  2018
页数: 188页
开本: 23cm
丛书名:
单 册:
中图分类: B80-49
科图分类:
主题词: 思维方法--通俗读物
电子资源:
ISBN: 978-7-5108-5916-8
000 01573nam0 2200277 450
001 012001000291
005 20140920091301.0
010    @a978-7-5108-5916-8@dCNY42.00
100    @a20180513d2018 em y0chiy50 ea
101 1  @achi@ceng
102    @aCN@b110000
105    @ay z 000yy
106    @ar
200 1  @a极简思考@9Ji Jian Si Kao@e来自世界顶尖咨询公司的高效工作法@dThe elegant pitch@f(美)迈克·费廖洛(Mike Figliuolo)著@g世宜译@zeng
210    @a北京@c九州出版社@d2018
215    @a188页@d23cm
314    @a迈克·费廖洛(MikeFigliuolo),美国西点军校的优秀毕业生,曾任职于世界知名咨询公司麦肯锡,后来创办了自己的公司thoughtLEADERS。他的客户包括谷歌、福特汽车、西门子电器、领英、惠普、雅培、亨氏、高沃金融、维萨信用卡等许多行业领先企业。作为全美知名、备受推崇的演说家和培训师,迈克·费廖洛及其团队帮助来自世界知名公司的成千上万领导人掌握了更清晰、简洁、高效的工作法。著有《盒子里的领导力》《一页纸工作法》《极简思考》等书。现居美国俄亥俄州。
330    @a本书提供了一种解决问题的简单方法——结构化思维过程。不同于“从数据得出结论”的传统方法,“结构化思维过程”以论点作为核心来构建整体方案,在初期就将重点放在提出容易理解的假设上,并找出沟通对象的利益触动点,通过合理引导让对方得出我们的结论。
510 1  @aElegant pitch@zeng
517 1  @a来自世界顶尖咨询公司的高效工作法@9Lai Zi Shi Jie Ding Jian Zi Xun Gong Si De Gao Xiao Gong Zuo Fa
606 0  @a思维方法@j通俗读物
690    @aB80-49@v5
701  1 @c(美)@a费廖洛@9Fei Liao Luo@g(Figliuolo, Mike)@4著
702  0 @a世宜@9Shi Yi@4译
801  0 @aCN@b上海新华@c20180901
905    @b1041443-47@dB80-49@e113@f5
    
    极简思考:来自世界顶尖咨询公司的高效工作法=The elegant pitch/(美)迈克·费廖洛(Mike Figliuolo)著/世宜译.-北京:九州出版社,2018
    188页;23cm
    
    
    ISBN 978-7-5108-5916-8:CNY42.00
    本书提供了一种解决问题的简单方法——结构化思维过程。不同于“从数据得出结论”的传统方法,“结构化思维过程”以论点作为核心来构建整体方案,在初期就将重点放在提出容易理解的假设上,并找出沟通对象的利益触动点,通过合理引导让对方得出我们的结论。
●
相关链接 在E读中查询图书 在五车中查询图书 在当当中查询图书 在豆瓣中查询图书


正题名:极简思考     索取号:B80-49/113         预约/预借

序号 登录号 条形码 馆藏地/架位号 状态 备注
1 1041443   210414434   第一样本阅览室/ [索取号:B80-49/113] 在馆    
2 1041444   210414443   第一借阅区/ [索取号:B80-49/113] 在馆    
3 1041445   210414452   第一借阅区/ [索取号:B80-49/113] 在馆    
4 1041446   210414461   第一借阅区/ [索取号:B80-49/113] 在馆    
5 1041447   210414470   第一借阅区/ [索取号:B80-49/113] 在馆    
唐山师范学院图书馆 欢迎您!
大连网信软件有限公司© 版权所有